00333nam a2200133Ia 4500008004100000100002900041245003500070250001100105260003700116300001000153650001200163942000700175999001700182190216s9999||||xx |||||||||||||| ||und|| aRichtmyer-Kennard-Cooper 0aIntroduction To Modern Physics a6th ed bTata Mcgrawhill Publishersc1976 a767 p aPhysics cBK c33308d33308